00655cam a2200217u 450000100060000000300080000600500170001400800410003102000150007203500190008704000330010604100080013908200180014710000460016524500680021126000660027930000260034550400190037165000250039074000220041530467BD-RjUL20211209051553.0140410r19721920enk 001 0 eng d a0333008367 a(BD-RjUL)30553 aDLCcCarPdDLCdBD-RjULbeng aeng04a180bSTC 19721 aStace, Walter Terence. [from old catalog]02aA critical history of Greek philosophy /c Walter Terence Stace aLondon :bMacmillan and co., limited,c1920. [Reprinted 1972] axiv, 386 p. ;c20 cm. aIncludes Index 0aPhilosophy, Ancient. aGreek philosophy.